| 000 | 00736nam a2200229Ia 4500 | ||
|---|---|---|---|
| 001 | 16016 | ||
| 003 | GE_BSU | ||
| 008 | 181216s||||||||xx |||||||||||||| ||und|| | ||
| 040 | _cGE_BSU | ||
| 080 | _a821.353.1-31 | ||
| 100 | _aჯაფარიძე, რევაზ | ||
| 245 | _aმძიმე ჯვარი : რომანი 3 წიგნად. წ. 1 : აღთქმა. | ||
| 245 | _cრედ.ლ.თურმანიძე.. მხ.დ.დუნდუა. | ||
| 260 | _aთბილისი | ||
| 260 | _bმერანი | ||
| 260 | _c1973 | ||
| 300 | _a356 გვ..22სმ. | ||
| 653 | _aაღთქმა. | ||
| 653 | _aმძიმე ჯვარი | ||
| 653 | _aრომანი | ||
| 942 | _cBK | ||
| 999 |
_c49107 _d49107 |
||